Normal view
MARC view
- Worship (Islam)
Entry Topical Term
001 - CONTROL NUMBER
- control field: 130036
003 - CONTROL NUMBER IDENTIFIER
- control field: NUST
005 - DATE AND TIME OF LATEST TRANSACTION
- control field: 20250722154515.0
008 - FIXED-LENGTH DATA ELEMENTS
- fixed length control field: 250722|| aca||aabn | a|a d
040 ## - CATALOGING SOURCE
- Original cataloging agency: NUST
- Transcribing agency: NUST
150 ## - HEADING--TOPICAL TERM
- Topical term or geographic name entry element: Worship (Islam)
670 ## - SOURCE DATA FOUND
- Source citation: Work cat.: (NUST): Fikrī., ʻĀlim 130033, Rūḥānī Iʻtikāf /, 1990.
